The Influence of 5 Traits of Personality in the Creation of Avatar as Real or Ideal Self/A Study of the Roles of Gender and Age (Record no. 8722)
[ view plain ]
| 000 -LEADER | |
|---|---|
| fixed length control field | 00958cam a22001814a 4500 |
| 005 - ΗΜΕΡΟΜΗΝΙΑ ΚΑΙ ΩΡΑ ΤΕΛΕΥΤΑΙΑΣ ΕΝΗΜΕΡΩΣΗΣ | |
| Πεδίο ελέγχου | 20250605164344.0 |
| 008 - FIXED-LENGTH DATA ELEMENTS--GENERAL INFORMATION | |
| Πεδίο ελέγχου σταθερού μήκους | 250528s ||||||||||||||||||||||||d |
| 035 ## - SYSTEM CONTROL NUMBER | |
| System control number | 23785 |
| 040 ## - ΠΗΓΗ ΚΑΤΑΛΟΓΟΓΡΑΦΗΣΗΣ | |
| Φορέας πρωτότυπης καταλογογράφησης | MC Athens Campus Library |
| Γλώσσα καταλογογράφησης | Ελληνικά, Μοντέρνα (1453-) |
| Modifying agency | MC Athens Campus Library |
| Κανόνες περιγραφικής καταλογογράφησης | AACR2 |
| 245 1# - ΤΙΤΛΟΣ ΚΑΙ ΔΗΛΩΣΗ ΥΠΕΥΘΥΝΟΤΗΤΑΣ | |
| Τίτλος | The Influence of 5 Traits of Personality in the Creation of Avatar as Real or Ideal Self/A Study of the Roles of Gender and Age |
| 260 ## - PUBLICATION, DISTRIBUTION, ETC. | |
| Date of publication, distribution, etc. | 2012 |
| 300 ## - PHYSICAL DESCRIPTION | |
| Extent | 1 |
| 520 ## - SUMMARY, ETC. | |
| Summary, etc. | Abstract, Introduction, Avatar in Virtual World, Avatar and Personality, Ocean Questionnaire, Gap to Knowledge, Rationale, Aim, Hypothesis, Methodology, Design, Participants, Materials, Procedure, Ethical Considerations, Analytic Strategy, Results, Regression Analysis, Chi Square and Age, Chi Square and Gender, Discussion, Avatar and Personality, Avatar and Ages, Avatar and Gender, Imlications of Findings, Further Research, Conclusions. |
| 700 1# - ΠΡΟΣΘΕΤΗ ΑΝΑΓΡΑΦΗ--ΦΥΣΙΚΟ ΠΡΟΣΩΠΟ | |
| Personal name | Bougonikolou Eleftheria |
| 9 (RLIN) | 9317 |
| 942 ## - ADDED ENTRY ELEMENTS (KOHA) | |
| Koha item type | Διπλωματική εργασία |
| Τύπος τεκμηρίου | Βιβλιοθήκη | Τρέχουσα τοποθεσία | Barcode | Ημερομηνία απόκτησης | Ταξιθετικό σύμβολο | Αριθμός αντιτύπου | Κατάσταση απόσυρσης | Κατάσταση χαμένου | Κατάσταση κατεστραμμένου | Μη δανεισμός | Σύνολο δανεισμών | Ημερομηνία τελευταίας εμφάνισης | Η τιμή ισχύει από |
|---|---|---|---|---|---|---|---|---|---|---|---|---|---|
| Διπλωματική εργασία | MC Athens Campus Library | MC Athens Campus Library | 9780000087218 | 05/06/2025 | PSY 2013 (1) | 1 | 05/06/2025 | 05/06/2025 |